| 000 | 00487nam a2200169Ia 4500 | ||
|---|---|---|---|
| 008 | 210719s2014 xx 000 0 und d | ||
| 041 | _aeng | ||
| 082 | _a510 BOST | ||
| 100 | _aBOSCO (S S) | ||
| 245 | _aTheory and problems in mathematics: II Puc text book | ||
| 260 |
_aMangalore _bBoscoss Publications _c2014 |
||
| 300 |
_axx,824 _bPB |
||
| 365 |
_b446 _cRs |
||
| 650 | _aMathematics | ||
| 650 | _aMathematics | ||
| 906 | _abook ; II ; mathematics: ; problems ; Puc ; text ; Theory | ||
| 999 |
_c216033 _d216033 |
||